000 00877nam a2200205 i 4500
001 187985
003 ES-MaACL
005 20230906223056.0
008 180405s1962 sp |||| | spa d
110 2 _aConsejo Económico Sindical Provincial (Burgos)
_9164537
245 1 0 _aPerspectivas de desarrollo económico de la provincia de Burgos (en los próximos cinco años).
260 _a[S.l. :
_bs.n.],
_c1962 (
_eMadrid :
_fHispalense Industrial)
300 _a81 p. ;
_c28 cm.
490 1 _aOrganizacion Sindical. Consejo Económico Nacional. Gabinete Técnico ;
_v33
594 _aPrecede al tít.: Consejo Económico Sindical Provincial, Burgos.
651 4 _aBurgos (Provincia)-
_xSituación económica.
_9164538
830 0 _aOrganizacion Sindical. Consejo Económico Nacional. Gabinete Técnico ;
_v33
_9192940
852 _aES-MaACL
_jB-13780
999 _c187985
_d187985